01418nam a22002537a 45000010005000000030006000050050017000110080041000280200018000690400029000870500016001160820015001321000023001472450042001702600052002123000044002644900034003085050008003425200727003505210020010775210020010976500026011176500021011439605FISKH20260126095300.0260126b cb ||||| |||| 00| 0 eng d a9780261102361 aFISKHbengcFISKHdFISKH aPR6039 .O32 a823.087661 aTolkien , J. R. R. aThe two towers /cBy J. R. R. Tolkien aLondon : bHarper Collins Publishers , c1954 . a971 pages : billustrations ; cmaps ,  aThe lord of the ringsvPart 2 aT  aThe Two Towers is the second part of J.R.R. Tolkien's epic adventure, The Lord of the Rings. Frodo and the companions of the Ring have been beset by danger during their quest to prevent the Ruling Ring from falling into the hands of the Dark Lord, Sauron, by destroying it in the Cracks of Doom. They have lost the wizard Gandalf in a battle with an evil spirit int he Mines of Moria; and at the Falls of Rauros, Boromir, seduced by the power of the Ring tried to seize it by force. While Frodo and Sam made their escape, the rest of the company was attacked by Orcs. Now they continue their journey alone down the great River Anduin---alone, that is, save for the mysterious creeping figure that follows wherever they go.8 a810 bLexile 8 aT bRaz-Plus  aMiddle EarthvFiction aHobbitsvFiction